|
|
|
|
| LEADER |
00000nam2a2200000 4500 |
| 001 |
335531 |
| 005 |
20231102004749.0 |
| 035 |
|
|
|a (RuTPU)RU\TPU\book\361922
|
| 035 |
|
|
|a RU\TPU\book\361914
|
| 090 |
|
|
|a 335531
|
| 100 |
|
|
|a 20170926d1914 km y0rusy50 ca
|
| 101 |
1 |
|
|a rus
|a ger
|
| 102 |
|
|
|a RU
|
| 105 |
|
|
|a a z 001zy
|
| 200 |
1 |
|
|a Сб. 6. Учение о множествах Георга Кантора. Ч. I
|f Г. Кантор
|g пер. П. Юшкевича
|
| 210 |
|
|
|d 1914
|
| 215 |
|
|
|a 184 с.
|
| 320 |
|
|
|a Дополнения: 177 с.
|
| 461 |
|
1 |
|0 (RuTPU)RU\TPU\book\361869
|t Новые идеи в математике
|o в 9-ти сб.
|o непереодическое изд.
|f под ред. А. В. Васильева
|d 1913-1914
|
| 606 |
|
|
|a Математика
|x Философские проблемы
|2 stltpush
|3 (RuTPU)RU\TPU\subj\41191
|9 61003
|
| 610 |
1 |
|
|a математика
|
| 610 |
1 |
|
|a учения о многообразиях
|
| 610 |
1 |
|
|a трансфинитные числа
|
| 675 |
|
|
|a 51:1
|v 4
|
| 700 |
|
1 |
|a Кантор
|b Г.
|c немецкий математик
|f 1845-1918
|g Георг
|2 stltpush
|3 (RuTPU)RU\TPU\pers\18378
|9 6810
|
| 702 |
|
1 |
|a Юшкевич
|b П.
|4 730
|
| 801 |
|
1 |
|a RU
|b 63413507
|c 20170925
|
| 801 |
|
2 |
|a RU
|b 63413507
|c 20170927
|g RCR
|
| 942 |
|
|
|c BK
|